| 000 | 00000nam##2200000za#4500 |
| 001 | 9.570800 |
| 003 | CaOODSP |
| 005 | 20210624182421 |
| 007 | cr ||||||||||| |
| 008 | 150406|2008||||xxc|||||o f|0| 0 eng|d |
| 022 | |a1919-5087 |
| 040 | |aCaOODSP|beng |
| 043 | |an-cn--- |
| 086 | 1 |aFs70-6/2008-009E-PDF |
| 110 | 1 |aCanada. |bDepartment of Fisheries and Oceans. |bNewfoundland and Labrador Region. |
| 245 | 10|aAssessment of Newfoundland and Labrador snow crab |h[electronic resource] |
| 246 | 1 |aNewfoundland and Labrador Region - snow crab |
| 260 | |aSt. John's - Newfoundland and Labrador : |bFisheries and Oceans Canada. |cAugust 2008. |
| 300 | |a42p.|bgraphs, illus., maps, references |
| 490 | 1 |aCanadian Science Advisory Secretariat science advisory report |x1919-5087|v2008/009, Newfoundland and Labrador Region |
| 590 | |a11-20-Supp|b2011-09-29 |
| 775 | 08|tÉvaluation du crabe des neiges de Terre-Neuve et du Labrador |w(CaOODSP)9.601446 |
| 830 | #0|aScience advisory report (Canadian Science Advisory Secretariat)|x1919-5087|v2008/009, Newfoundland and Labrador Region|w(CaOODSP)9.506226 |
| 856 | 40|ahttp://publications.gc.ca|qPDF|s249 KB|uhttps://publications.gc.ca/collections/collection_2011/mpo-dfo/Fs70-6-2008-009-eng.pdf|y2008/009, Newfoundland and Labrador Region |